00229nam a2200085Ia 450000100070000000500170000700800410002424500550006526000230012099115820250826221324.0250824s9999 xx 000 0 und d 0aMASKESİZ BEŞLER-3 ejderha peşindecTina Zang bPARODİ YAYINLARI